Clickable Countries by Continent Quiz Stats

 Plays Quiz Updated Nov 5, 2019

     
Support Sporcle.
Go Orange.
Score 0/197 Timer 10:00
141 Plays Today
% Correct
???
28.7%
???
26.9%
???
26.1%
???
25.2%
???
25.1%
???
23%
???
23%
???
21.9%
???
21.7%
???
21.4%
???
21.4%
???
21.4%
???
21.3%
???
21.2%
???
21%
???
20.6%
???
20.6%
???
20.6%
???
20.5%
???
20.2%
???
20.2%
???
20.2%
???
20.2%
???
19.9%
???
19.9%
???
19.6%
???
19.5%
???
19.4%
???
19.1%
???
19%
???
19%
???
19%
???
18.7%
???
18.6%
???
18.4%
???
18.3%
???
18.3%
???
18.2%
???
18%
???
18%
???
17.9%
???
17.8%
???
17.7%
???
17.5%
???
17.5%
???
17.4%
???
17.3%
???
17.3%
???
17.2%
???
17%
???
17%
???
16.9%
???
16.8%
???
16.8%
???
16.7%
???
16.7%
???
16.6%
???
16.6%
???
16.6%
???
16.6%
???
16.6%
???
16.5%
???
16.5%
???
16.4%
???
16.3%
???
16.2%
% Correct
???
16.2%
???
16.2%
???
16.2%
???
16.2%
???
16.1%
???
16.1%
???
16%
???
16%
???
16%
???
16%
???
15.9%
???
15.8%
???
15.8%
???
15.6%
???
15.5%
???
15.5%
???
15.5%
???
15.4%
???
15.4%
???
15.4%
???
15.4%
???
15.3%
???
15.3%
???
15.3%
???
15.2%
???
15.2%
???
15.2%
???
15.2%
???
15.2%
???
15.1%
???
15.1%
???
15.1%
???
15.1%
???
15.1%
???
15.1%
???
15%
???
15%
???
14.9%
???
14.9%
???
14.9%
???
14.9%
???
14.9%
???
14.8%
???
14.7%
???
14.7%
???
14.7%
???
14.6%
???
14.6%
???
14.6%
???
14.6%
???
14.6%
???
14.6%
???
14.6%
???
14.5%
???
14.5%
???
14.5%
???
14.5%
???
14.5%
???
14.4%
???
14.4%
???
14.4%
???
14.3%
???
14.3%
???
14.3%
???
14.3%
???
14.3%
% Correct
???
14.2%
???
14.1%
???
14.1%
???
14.1%
???
14%
???
14%
???
14%
???
13.9%
???
13.9%
???
13.9%
???
13.9%
???
13.9%
???
13.9%
???
13.9%
???
13.8%
???
13.8%
???
13.7%
???
13.6%
???
13.6%
???
13.6%
???
13.6%
???
13.6%
???
13.6%
???
13.6%
???
13.5%
???
13.5%
???
13.5%
???
13.5%
???
13.5%
???
13.5%
???
13.5%
???
13.4%
???
13.4%
???
13.4%
???
13.4%
???
13.4%
???
13.4%
???
13.3%
???
13.3%
???
13.3%
???
13.2%
???
13.2%
???
13.2%
???
13.1%
???
13.1%
???
13%
???
13%
???
13%
???
12.9%
???
12.8%
???
12.8%
???
12.8%
???
12.8%
???
12.7%
???
12.7%
???
12.6%
???
12.6%
???
12.3%
???
12.2%
???
12.1%
???
12%
???
11.8%
???
11.8%
???
11.8%
???
11.5%

From the Vault

Star Wars Darths

by corndog

Movies 60s
Party on Wayne, Party on Darth!
Remove Ads.
Support Sporcle.
Get the best of Sporcle when you Go Orange. This ad-free experience offers more features, more stats, and more fun while also helping to support Sporcle. Thank you for becoming a member.

Show Comments

Extras

Top Quizzes Today


Score Distribution

Your Account Isn't Verified!

In order to create a playlist on Sporcle, you need to verify the email address you used during registration. Go to your Sporcle Settings to finish the process.

Report this User

Report this user for behavior that violates our Community Guidelines.

Details: